Sordera: comunicación y aprendizaje
Saved in:
| Hovedforfatter: | |
|---|---|
| Format: | Bog |
| Sprog: | spansk |
| Udgivet: |
Barcelona
Masson
1998
|
| Serier: | Psicopedagogía y Lenguaje
|
| Fag: | |
| Tags: |
Tilføj Tag
Ingen Tags, Vær først til at tagge denne postø!
|
MARC
| LEADER | 00000nam a2200000 a 4500 | ||
|---|---|---|---|
| 001 | UCQ0996 | ||
| 003 | CL-VaPUC | ||
| 008 | 980703e19980000SP |||||||||||||||||spa|d | ||
| 082 | 0 | 4 | |a 371.912 |b SIL |2 21 |
| 100 | 0 | |a Silvestre Benach, Núria |e author |9 414487 | |
| 245 | 1 | 0 | |a Sordera: comunicación y aprendizaje |
| 300 | |a 156 p | ||
| 942 | |c BK | ||
| 945 | |d 19980703 00:00:00 |a aalvarez | ||
| 260 | |a Barcelona |b Masson |c 1998 | ||
| 650 | 7 | |a SORDERA |2 CL-VaPUC |9 311920 | |
| 650 | 0 | |a Educación de sordos |9 308353 | |
| 650 | 0 | |a Sordos |9 310755 | |
| 650 | 0 | |a Educación especial |9 307486 | |
| 650 | 7 | |a ENFERMEDADES DEL OIDO |2 CL-VaPUC |9 342032 | |
| 650 | 7 | |a TRASTORNO DEL LENGUAJE |2 CL-VaPUC |9 405748 | |
| 650 | 0 | |a Audición |9 269632 | |
| 650 | 0 | |a Comunicación |9 257251 | |
| 650 | 0 | |a Aprendizaje |9 254827 | |
| 650 | 0 | |a Lenguaje |9 265069 | |
| 583 | |a last modification |c 19980703 00:00:00 |k Rodrigo Vera | ||
| 490 | 0 | |a Psicopedagogía y Lenguaje | |
| 999 | |c 272009 |d 272007 | ||
| 952 | |0 0 |1 0 |4 0 |6 371_912000000000000_SIL_1998 |7 0 |8 A |9 306829 |a BIBEDU |b BIBEDU |c ES_NOD |d 2019-11-20 |i 3440850 |o 371.912 SIL 1998 |p 3440850 |r 2023-08-09 |w 2019-11-20 |y BK |k BME | ||
| 952 | |0 0 |1 0 |4 0 |6 371_912000000000000_SIL_1998 |7 0 |8 A |9 306830 |a BIBEDU |b BIBEDU |c ES_NOD |d 2019-11-20 |i 3472957 |o 371.912 SIL 1998 |p 3472957 |r 2023-08-09 |w 2019-11-20 |y BK |k EPE | ||
| 952 | |0 0 |1 0 |4 0 |6 371_912000000000000_SIL_1998 |7 0 |8 A |9 306831 |a BIBEDU |b BIBEDU |c ES_NOD |d 2019-11-20 |i 349442K |o 371.912 SIL 1998 |p 349442K |r 2023-08-09 |w 2019-11-20 |y BK |k BME | ||